| 000 | 00700nam a2200253Ia 4500 | ||
|---|---|---|---|
| 003 | OSt | ||
| 005 | 20220925172112.0 | ||
| 006 | a|||||r|||| 00| 0 | ||
| 007 | ta | ||
| 008 | 220923b |||||||| |||| 00| 0 eng d | ||
| 037 | _cGeneral Book | ||
| 040 |
_aRTL _cRTL _beng |
||
| 041 |
_2eng _aeng |
||
| 082 | _azG, K7 | ||
| 100 |
_aRamachandran G Ed. _9101517 |
||
| 245 | 0 |
_aGandhi _b His relevance for our times |
|
| 250 | _aEd 2nd | ||
| 260 |
_aBombay _bBharatiya vidya bhavan _c1967 |
||
| 300 |
_axvi,393p. _ccm. |
||
| 650 | _aGandhiana | ||
| 700 | _a Mahadevan T K Ed. | ||
| 942 |
_hzG, K7 _cGB _2CC |
||
| 999 |
_c484244 _d484244 |
||